[Event "Doeberl Cup 54th"]
[Site "Canberra"]
[Date "2016.03.24"]
[Round "1"]
[White "Beaumont, David"]
[Black "Ikeda, Junta"]
[Result "0-1"]
[WhiteElo "2015"]
[BlackElo "2397"]
[PlyCount "96"]
[EventDate "2016.03.24"]
[EventType "swiss"]
[EventRounds "9"]
[EventCountry "AUS"]
[SourceTitle "EXT 2018"]
[Source "ChessBase"]
[SourceDate "2017.10.13"]
[SourceVersion "1"]
[SourceVersionDate "2017.10.13"]
[SourceQuality "1"]

1. e4 c5 2. Nf3 e6 3. d4 cxd4 4. Nxd4 a6 5. Be2 Nf6 6. Nc3 Qc7 7. 0-0 Be7 8. Be3 d6 9. f4 Nbd7 10. Kh1 b5 11. Bf3 Bb7 12. a4 b4 13. Na2 Nxe4 14. Nxb4 Ndf6 15. c3 h5 16. a5 Ng4 17. Qa4+ Qd7 18. Qxd7+ Kxd7 19. Rae1 f5 20. Ndc2 h4 21. Bxe4 Bxe4 22. h3 Nxe3 23. Nxe3 d5 24. Rd1 g5 25. Nc4 g4 26. Nb6+ Kd6 27. Nxa8 gxh3 28. Rf2 hxg2+ 29. Kh2 Rxa8 30. Rxg2 Bxg2 31. Kxg2 Kd7 32. Nd3 Rg8+ 33. Kh2 Bd6 34. Rg1 Rg4 35. b4 Rxg1 36. Kxg1 Kc6 37. Kg2 Kb5 38. Kh3 Kc4 39. Ne5+ Kxc3 40. b5 axb5 41. Nd7 Bxf4 42. Nc5 Be3 43. Nxe6 b4 44. a6 b3 45. Nf4 Kc4 46. Ng2 Ba7 47. Nxh4 b2 48. Nf3 Kc3 0-1

[Event "Begonia op 48th"]
[Site "Ballarat"]
[Date "2014.03.08"]
[Round "7"]
[White "Beaumont, David"]
[Black "Puccini, Jack"]
[Result "0-1"]
[WhiteElo "1974"]
[BlackElo "2104"]
[PlyCount "70"]
[EventDate "2014.03.08"]
[EventType "swiss"]
[EventRounds "7"]
[EventCountry "AUS"]
[SourceTitle "EXT 2023"]
[Source "ChessBase"]
[SourceDate "2022.10.05"]
[SourceVersion "1"]
[SourceVersionDate "2022.10.05"]
[SourceQuality "1"]

1. d4 Nf6 2. c4 g6 3. Nc3 Bg7 4. e4 0-0 5. Be2 d6 6. Nf3 e5 7. 0-0 Nc6 8. d5 Ne7 9. Ne1 Nd7 10. f3 f5 11. Bd2 f4 12. Nd3 g5 13. Rc1 Ng6 14. Qb3 b6 15. Qc2 Rf7 16. b4 Bf8 17. Na4 Rg7 18. c5 Nf6 19. Nf2 h5 20. cxd6 Bxd6 21. h3 Nh4 22. Qb3 Kh8 23. Be1 Qg8 24. Rc3 Qh7 25. Nb2 Bd7 26. Nc4 Rag8 27. Nxd6 cxd6 28. Rc6 g4 29. fxg4 hxg4 30. hxg4 Nxg2 31. Qh3 Nh4 32. Rxd6 Nxg4 33. Bxg4 Bxg4 34. Nxg4 Rxg4+ 35. Kh1 Qxe4+ 0-1

[Event "Doeberl Cup Premier 51st"]
[Site "Canberra"]
[Date "2013.03.31"]
[Round "8"]
[White "Stany, George Anthony"]
[Black "Beaumont, David"]
[Result "1-0"]
[WhiteElo "2449"]
[BlackElo "2095"]
[PlyCount "81"]
[EventDate "2013.03.28"]
[EventType "swiss"]
[EventRounds "9"]
[EventCountry "AUS"]
[SourceTitle "EXT 2023"]
[Source "ChessBase"]
[SourceDate "2022.10.05"]
[SourceVersion "1"]
[SourceVersionDate "2022.10.05"]
[SourceQuality "1"]

1. e4 c5 2. Nf3 d6 3. d4 cxd4 4. Nxd4 Nf6 5. Nc3 g6 6. Be3 Bg7 7. f3 0-0 8. Qd2 Nc6 9. 0-0-0 Nxd4 10. Bxd4 Be6 11. Kb1 a6 12. g4 b5 13. Ne2 Rc8 14. h4 Qc7 15. Bh3 Nd7 16. Bxg7 Kxg7 17. h5 Ne5 18. Nd4 Nc4 19. Qc3 Kg8 20. hxg6 b4 21. Qe1 hxg6 22. Bf1 Kg7 23. Qxb4 Ne3 24. Rd2 Nxf1 25. Rxf1 Rb8 26. Qa3 Bc4 27. Rfd1 Rfc8 28. Ka1 Qb6 29. b3 e5 30. bxc4 exd4 31. Rxd4 d5 32. Qc3 Kg8 33. Rh1 Qf6 34. exd5 Rb7 35. Rd3 Qxc3+ 36. Rxc3 Rb4 37. d6 Rbxc4 38. Rxc4 Rxc4 39. Rd1 Rc8 40. d7 Rd8 41. c4 1-0

[Event "Doeberl Cup Premier 51st"]
[Site "Canberra"]
[Date "2013.03.30"]
[Round "5"]
[White "Rowlison, Colin N"]
[Black "Beaumont, David"]
[Result "0-1"]
[WhiteElo "1949"]
[BlackElo "2095"]
[PlyCount "86"]
[EventDate "2013.03.28"]
[EventType "swiss"]
[EventRounds "9"]
[EventCountry "AUS"]
[SourceTitle "EXT 2023"]
[Source "ChessBase"]
[SourceDate "2022.10.05"]
[SourceVersion "1"]
[SourceVersionDate "2022.10.05"]
[SourceQuality "1"]

1. d4 Nf6 2. c4 g6 3. Nc3 Bg7 4. e4 d6 5. Nge2 0-0 6. Ng3 c5 7. d5 e6 8. Be2 exd5 9. cxd5 a6 10. a4 Re8 11. 0-0 Nbd7 12. f4 Rb8 13. Bd2 Qc7 14. Rc1 c4 15. Be3 b5 16. axb5 axb5 17. Qd2 Nc5 18. Bxc5 Qxc5+ 19. Kh1 b4 20. Nd1 Nxe4 21. Nxe4 Rxe4 22. Bf3 Rd4 23. Qe3 Bf5 24. Nf2 Rxd5 25. Qe7 Rd2 26. Ne4 Bxe4 27. Qxe4 d5 28. Qe1 Rxb2 29. Qd1 d4 30. Qa4 d3 31. Qd7 d2 32. Ra1 Rc2 33. Ra7 Rf8 34. Bd5 Qxa7 35. Qxa7 Rc1 36. Qg1 Rxf1 37. Qxf1 Re8 38. Bxf7+ Kxf7 39. Qxc4+ Re6 40. Qd5 Bc3 41. Qd7+ Re7 42. Qd5+ Kg7 43. g4 d1Q+ 0-1

[Event "Begonia op 47th"]
[Site "Ballarat"]
[Date "2013.03.10"]
[Round "4"]
[White "Stojic, Dusan"]
[Black "Beaumont, David"]
[Result "1-0"]
[WhiteElo "2228"]
[BlackElo "2095"]
[PlyCount "61"]
[EventDate "2013.03.09"]
[EventType "swiss"]
[EventRounds "7"]
[EventCountry "AUS"]
[SourceTitle "CBM 153 Extra"]
[Source "ChessBase"]
[SourceDate "2013.04.22"]
[SourceVersion "1"]
[SourceVersionDate "2013.04.22"]
[SourceQuality "1"]

1. e4 c6 2. d4 d5 3. Nc3 dxe4 4. Nxe4 Bf5 5. Nc5 b6 6. Nb3 e6 7. Nf3 Bd6 8. g3 Ne7 9. Bg2 h6 10. Qe2 Nd7 11. Ne5 Rc8 12. 0-0 0-0 13. Rd1 Qc7 14. Nc4 Nd5 15. Nxd6 Qxd6 16. c4 Nb4 17. Bf4 e5 18. dxe5 Qg6 19. Rd6 f6 20. Nd4 Bd3 21. Qd2 Nb8 22. Ne6 fxe5 23. Bxe5 Qf5 24. Nxf8 Qxe5 25. Qxb4 c5 26. Rd5 cxb4 27. Rxe5 Kxf8 28. Bh3 Rxc4 29. Rd5 Nc6 30. Rxd3 Rc2 31. Re1 1-0

[Event "Melbourne CC op"]
[Site "Melbourne"]
[Date "2012.10.15"]
[Round "6"]
[White "Kovacevic, Paul"]
[Black "Beaumont, David"]
[Result "0-1"]
[WhiteElo "1875"]
[BlackElo "2061"]
[PlyCount "164"]
[EventDate "2012.09.10"]
[EventType "swiss"]
[EventRounds "9"]
[EventCountry "AUS"]
[SourceTitle "EXT 2013"]
[Source "ChessBase"]
[SourceDate "2012.11.22"]
[SourceVersion "1"]
[SourceVersionDate "2012.11.22"]
[SourceQuality "1"]

1. d4 Nf6 2. c4 e5 3. dxe5 Ng4 4. Nf3 Nc6 5. e3 Bb4+ 6. Bd2 Qe7 7. a3 Bxd2+ 8. Qxd2 Ncxe5 9. Nxe5 Qxe5 10. h3 Nf6 11. Nc3 0-0 12. Bd3 d6 13. 0-0 Bd7 14. f4 Qc5 15. b4 Qb6 16. Kh2 Rfe8 17. Rae1 a5 18. b5 Qc5 19. a4 Re7 20. e4 c6 21. Qc2 Rae8 22. Re2 Bc8 23. Rfe1 Qh5 24. Kg1 Nd7 25. Re3 Nc5 26. Be2 Qh4 27. Rf1 f5 28. Bd3 fxe4 29. Be2 Qf6 30. Bh5 Qd4 31. Nd1 g6 32. Bg4 Nd3 33. Bxc8 Rxc8 34. Qc3 c5 35. Kh1 Rf8 36. Qxa5 Qxc4 37. Qd2 d5 38. Nf2 Nxf4 39. Rc1 Qd4 40. Qxd4 cxd4 41. Ree1 e3 42. g3 Nh5 43. Nd3 Nxg3+ 44. Kg2 Ne4 45. a5 Nc3 46. a6 bxa6 47. bxa6 Ra7 48. Ra1 Rf6 49. Kg3 g5 50. Ra3 h5 51. Rb3 Rfxa6 52. Ne5 Ne4+ 53. Kg2 Ra2+ 54. Kg1 Rc7 55. Rf1 Rf2 56. Rbb1 Kg7 57. Nd3 Rxf1+ 58. Kxf1 Ng3+ 59. Kg2 h4 60. Rb4 Rc2+ 61. Kf3 e2 62. Rxd4 Rc3 63. Kf2 Kf6 64. Rxd5 Rc4 65. Ra5 Re4 66. Ra1 Re6 67. Ne1 Kg6 68. Ra3 Rf6+ 69. Rf3 Ra6 70. Re3 Rf6+ 71. Rf3 Rf5 72. Ke3 Rxf3+ 73. Kxf3 Kf5 74. Nd3 Nh5 75. Kxe2 Nf4+ 76. Nxf4 gxf4 77. Kf3 Ke5 78. Kf2 Ke4 79. Ke2 f3+ 80. Kd1 Kf4 81. Ke1 Kg3 82. Kf1 f2 0-1

[Event "Melbourne CC op"]
[Site "Melbourne"]
[Date "2012.10.08"]
[Round "5"]
[White "Beaumont, David"]
[Black "Puccini, Jack"]
[Result "1-0"]
[WhiteElo "2061"]
[BlackElo "1839"]
[PlyCount "45"]
[EventDate "2012.09.10"]
[EventType "swiss"]
[EventRounds "9"]
[EventCountry "AUS"]
[SourceTitle "EXT 2013"]
[Source "ChessBase"]
[SourceDate "2012.11.22"]
[SourceVersion "1"]
[SourceVersionDate "2012.11.22"]
[SourceQuality "1"]

1. d4 Nf6 2. Nf3 g6 3. c4 Bg7 4. Nc3 0-0 5. e4 d6 6. Be2 e5 7. 0-0 Nc6 8. d5 Ne7 9. Nd2 a5 10. Rb1 Nd7 11. a3 f5 12. b4 axb4 13. axb4 Nf6 14. f3 f4 15. c5 g5 16. Nc4 Ng6 17. Nb5 Ne8 18. Bd2 Rf7 19. Ra1 Rxa1 20. Qxa1 Bf8 21. Qa8 h5 22. Na7 Ne7 23. Na5 1-0

[Event "Melbourne CC op"]
[Site "Melbourne"]
[Date "2012.10.01"]
[Round "4"]
[White "Chew, Jason"]
[Black "Beaumont, David"]
[Result "1-0"]
[WhiteElo "1653"]
[BlackElo "2061"]
[PlyCount "61"]
[EventDate "2012.09.10"]
[EventType "swiss"]
[EventRounds "9"]
[EventCountry "AUS"]
[SourceTitle "EXT 2013"]
[Source "ChessBase"]
[SourceDate "2012.11.22"]
[SourceVersion "1"]
[SourceVersionDate "2012.11.22"]
[SourceQuality "1"]

1. e4 d5 2. exd5 Nf6 3. Bb5+ Bd7 4. Bxd7+ Qxd7 5. c4 c6 6. d4 cxd5 7. cxd5 Qxd5 8. Nf3 e6 9. 0-0 Nc6 10. Nc3 Qf5 11. Qb3 0-0-0 12. Be3 Nd5 13. Rac1 f6 14. Nb5 Nc7 15. d5 Qxd5 16. Rxc6 bxc6 17. Nxa7+ Kd7 18. Rd1 Bd6 19. Rxd5 exd5 20. Qb7 Ke7 21. Nxc6+ Kf7 22. Nxd8+ Rxd8 23. Bb6 Rd7 24. Qc6 Ke7 25. Nd4 g6 26. g3 Be5 27. Bc5+ Ke8 28. a4 f5 29. a5 Kd8 30. a6 Bxd4 31. Bxd4 1-0

[Event "Melbourne op"]
[Site "Melbourne"]
[Date "2012.05.28"]
[Round "5"]
[White "Beaumont, David"]
[Black "Gorka, Carl"]
[Result "1-0"]
[WhiteElo "2050"]
[BlackElo "2149"]
[PlyCount "101"]
[EventDate "2012.04.30"]
[EventType "swiss"]
[EventRounds "9"]
[EventCountry "AUS"]
[SourceTitle "EXT 2019"]
[Source "ChessBase"]
[SourceDate "2018.10.10"]
[SourceVersion "1"]
[SourceVersionDate "2018.10.10"]
[SourceQuality "1"]

1. e4 e5 2. c4 Nc6 3. Nc3 Nf6 4. g3 g6 5. Bg2 Bg7 6. Nge2 0-0 7. 0-0 d6 8. h3 a6 9. d3 Nd7 10. Be3 Nd4 11. f4 c6 12. f5 b5 13. g4 Nb6 14. b3 Rb8 15. Ng3 Qh4 16. Bf2 Qe7 17. Qd2 Bf6 18. Be3 Bh4 19. Nge2 b4 20. Nd1 Nxe2+ 21. Qxe2 Bg5 22. f6 Bxf6 23. Bxb6 c5 24. Ne3 Be6 25. Ba5 Bg5 26. a3 Bf4 27. axb4 cxb4 28. Nd5 Bxd5 29. exd5 Qa7+ 30. Kh1 f5 31. Ra4 fxg4 32. Bxb4 gxh3 33. Bxh3 Qe7 34. Qg4 Rf5 35. Be1 Rxb3 36. Bh4 Qb7 37. Ra2 Rb1 38. Raf2 Rxf1+ 39. Rxf1 Rh5 40. Kg2 Kg7 41. Rxf4 exf4 42. Qxf4 Qb2+ 43. Bf2 Re5 44. Be6 a5 45. Kg3 Qb8 46. Bd4 a4 47. c5 Qb5 48. Qf7+ Kh6 49. Qf8+ Kg5 50. Qf4+ Kh5 51. Bg4# 1-0

[Event "Melbourne Anzac Day"]
[Site "Melbourne"]
[Date "2012.04.22"]
[Round "3"]
[White "Morris, James"]
[Black "Beaumont, David"]
[Result "1-0"]
[WhiteElo "2354"]
[BlackElo "2050"]
[PlyCount "67"]
[EventDate "2012.04.21"]
[EventType "swiss"]
[EventRounds "7"]
[EventCountry "AUS"]
[SourceTitle "EXT 2023"]
[Source "ChessBase"]
[SourceDate "2022.10.05"]
[SourceVersion "1"]
[SourceVersionDate "2022.10.05"]
[SourceQuality "1"]

1. d4 Nf6 2. c4 e6 3. Nf3 d5 4. g3 c6 5. Bg2 dxc4 6. 0-0 b5 7. a4 Bb7 8. Ne5 a6 9. Nc3 Nd5 10. Ne4 Nd7 11. Nxf7 Kxf7 12. Ng5+ Ke7 13. e4 Nc7 14. d5 cxd5 15. exd5 Bxd5 16. Bxd5 Nxd5 17. Re1 Nc5 18. Qf3 Qd7 19. Nf7 Rg8 20. Ne5 Qe8 21. axb5 Kd8 22. b6 Bd6 23. Nxc4 Kd7 24. b7 Rb8 25. Nxd6 Kxd6 26. Bf4+ Kd7 27. Bxb8 Qxb8 28. Qf7+ Kd6 29. Rxa6+ Nxa6 30. Qxe6+ Kc7 31. Qxd5 Qd8 32. Qb5 Qd6 33. Qc4+ Kxb7 34. Qxg8 1-0

[Event "Victoria-ch"]
[Site "Melbourne"]
[Date "2010.08.14"]
[Round "9"]
[White "Beaumont, David"]
[Black "Gorka, Carl"]
[Result "1/2-1/2"]
[WhiteElo "2081"]
[BlackElo "2180"]
[PlyCount "154"]
[EventDate "2010.07.15"]
[EventType "tourn"]
[EventRounds "11"]
[EventCountry "AUS"]
[SourceTitle "EXT 2023"]
[Source "ChessBase"]
[SourceDate "2022.10.05"]
[SourceVersion "1"]
[SourceVersionDate "2022.10.05"]
[SourceQuality "1"]

1. d4 d5 2. Nf3 e6 3. c3 c5 4. Bf4 Bd6 5. Bg3 Nc6 6. e3 Nf6 7. Nbd2 0-0 8. Bd3 b6 9. Ne5 Qc7 10. f4 Bb7 11. Bh4 Ne4 12. Nxe4 dxe4 13. Bxe4 Nxe5 14. dxe5 Be7 15. Bxe7 Qxe7 16. Qf3 Bxe4 17. Qxe4 Rad8 18. 0-0 Rd2 19. Rf2 Qd7 20. Raf1 Rd8 21. g3 g6 22. Kg2 Qb5 23. Qb1 Qd7 24. Qe4 Qb5 25. Qb1 Qd7 26. g4 Qd5+ 27. Kg3 c4 28. Qe1 Rd3 29. Re2 Qa5 30. a3 Qb5 31. Qf2 Rd1 32. h4 Rxf1 33. Qxf1 Rd3 34. Qf3 Qc5 35. h5 Kg7 36. Qe4 b5 37. Kf3 Rd1 38. Rg2 Qd5 39. Qxd5 Rxd5 40. hxg6 hxg6 41. g5 Rd1 42. Ke4 Kf8 43. Rh2 Kg7 44. Re2 Kf8 45. Rf2 a5 46. Rh2 Kg7 47. Rc2 Kf8 48. Kf3 Ke7 49. Ke2 Rh1 50. Rd2 Rh3 51. Kf2 Rh2+ 52. Ke1 Rh1+ 53. Ke2 Rh3 54. a4 bxa4 55. Rd4 Rh2+ 56. Kf3 Rxb2 57. Rxc4 Rb3 58. Ke2 a3 59. Kd3 a2 60. Ra4 Rb2 61. Rxa5 Kd7 62. c4 Kc6 63. Kc3 Re2 64. Kd3 Rb2 65. e4 Rf2 66. Ke3 Rc2 67. f5 Rg2 68. f6 Rh2 69. Kd4 Kb6 70. Ra8 Rc2 71. Kd3 Rg2 72. Kc3 Re2 73. Kd3 Kc5 74. Kc3 Rh2 75. Ra5+ Kc6 76. Ra8 Re2 77. Kb4 Rb2+ 1/2-1/2

[Event "Box Hill Winter Interclub"]
[Site "Box Hill"]
[Date "2003.07.25"]
[Round "2.7"]
[White "Beaumont, David"]
[Black "Stojic, Dusan"]
[Result "0-1"]
[WhiteElo "1936"]
[BlackElo "1788"]
[PlyCount "124"]
[EventDate "2003.07.18"]
[EventType "team-tourn"]
[EventRounds "7"]
[EventCountry "AUS"]
[SourceTitle "EXT 2018"]
[Source "ChessBase"]
[SourceDate "2017.10.13"]
[SourceVersion "1"]
[SourceVersionDate "2017.10.13"]
[SourceQuality "1"]

1. d4 Nf6 2. Nf3 c5 3. d5 e6 4. c4 exd5 5. cxd5 d6 6. Nc3 g6 7. e4 Bg7 8. Be2 0-0 9. Nd2 Re8 10. 0-0 Na6 11. f4 Nc7 12. a4 Rb8 13. Bf3 a6 14. Nc4 b5 15. axb5 Nxb5 16. e5 dxe5 17. fxe5 Nd7 18. e6 fxe6 19. dxe6 Bd4+ 20. Kh1 Nb6 21. Na5 Nxc3 22. bxc3 Bxc3 23. Qxd8 Rxd8 24. Bg5 Re8 25. Nc6 Bxa1 26. Rxa1 Bxe6 27. Nxb8 Rxb8 28. Rxa6 Nd7 29. h4 Kf7 30. Ra7 c4 31. Rc7 Ke8 32. Kh2 Rb3 33. Rc8+ Kf7 34. Rh8 h5 35. Rh7+ Kf8 36. Be4 Ne5 37. g3 Nf3+ 38. Bxf3 Rxf3 39. Rc7 Bd5 40. Bf4 Rf2+ 41. Kg1 Rc2 42. Kf1 Be4 43. Ke1 Bd3 44. Kd1 Ke8 45. Be5 Kd8 46. Bd6 Rf2 47. Be5 Re2 48. Bf4 Re4 49. Bd6 Rg4 50. Kd2 Ke8 51. Bf4 Kd8 52. Rg7 Ke8 53. Kc3 Kf8 54. Rc7 Ke8 55. Kb4 g5 56. Bxg5 Rxg3 57. Kc5 c3 58. Kd6 c2 59. Ke6 Kf8 60. Rc8+ Kg7 61. Bf6+ Kh6 62. Rh8+ Bh7 0-1

[Event "LIPEAP jub30-A corr"]
[Site "LIPEAP corr"]
[Date "2002.10.05"]
[Round "?"]
[White "Barnsley, Anthony R"]
[Black "Beaumont, David"]
[Result "1/2-1/2"]
[WhiteElo "2507"]
[BlackElo "2522"]
[PlyCount "61"]
[EventDate "2002.10.05"]
[EventType "tourn (corr)"]
[EventRounds "16"]
[EventCountry "ARG"]
[SourceTitle "Corr 2008"]
[Source "ChessBase"]
[SourceDate "2008.06.24"]
[SourceVersion "1"]
[SourceVersionDate "2008.06.24"]
[SourceQuality "1"]

1. e4 e5 2. Nf3 Nc6 3. Bb5 f5 4. Nc3 fxe4 5. Nxe4 d5 6. Nxe5 dxe4 7. Nxc6 Qg5 8. Qe2 Nf6 9. f4 Qxf4 10. Ne5+ c6 11. d4 Qh4+ 12. g3 Qh3 13. Bc4 Be6 14. Bg5 0-0-0 15. 0-0-0 Bd6 16. Rhf1 Rhe8 17. Bxf6 gxf6 18. Rxf6 Bxe5 19. Bxe6+ Rxe6 20. Rxe6 Qxe6 21. dxe5 Qh6+ 22. Rd2 Rxd2 23. Qxd2 e3 24. Qe2 Qg5 25. Kd1 Kc7 26. e6 Qd5+ 27. Ke1 Qxe6 28. Qd3 h5 29. a3 Qh3 30. Qe2 b6 31. b4 1/2-1/2

[Event "LIPEAP jub30-A corr"]
[Site "LIPEAP corr"]
[Date "2002.10.05"]
[Round "?"]
[White "Beaumont, David"]
[Black "Acevedo Villalba, Angel"]
[Result "1/2-1/2"]
[WhiteElo "2522"]
[BlackElo "2524"]
[PlyCount "136"]
[EventDate "2002.10.05"]
[EventType "tourn (corr)"]
[EventRounds "16"]
[EventCountry "ARG"]
[SourceTitle "Corr 2008"]
[Source "ChessBase"]
[SourceDate "2008.06.24"]
[SourceVersion "1"]
[SourceVersionDate "2008.06.24"]
[SourceQuality "1"]

1. d4 Nf6 2. c4 e6 3. g3 Bb4+ 4. Bd2 Be7 5. Bg2 d5 6. Nf3 0-0 7. 0-0 c6 8. Qc2 b6 9. Bf4 Bb7 10. Nbd2 Nh5 11. Be3 Nd7 12. Rad1 Rc8 13. c5 bxc5 14. dxc5 Nhf6 15. Bd4 Qc7 16. Qc3 Rfe8 17. b4 a5 18. a3 Ba6 19. Rfe1 Ra8 20. Ne5 axb4 21. axb4 Bb5 22. e3 Bf8 23. Ra1 Rxa1 24. Rxa1 Qb7 25. f4 Nxe5 26. fxe5 Nd7 27. e4 Be7 28. Qa3 f6 29. exd5 exd5 30. e6 Ne5 31. Qa5 Bd8 32. Qa8 Qe7 33. Bh3 Bc7 34. Qa3 Qd8 35. Qe3 Qb8 36. Ra3 Bc4 37. Ra4 Bb5 38. Ra1 Bd3 39. Bc3 Bc2 40. Ra6 Qb7 41. Ra2 Bd1 42. Qd4 Qb5 43. Ra7 Qb8 44. Ra1 Be2 45. Re1 Ba6 46. Rb1 Ng6 47. Qe3 Be5 48. Bxe5 Nxe5 49. Qd4 Qb5 50. Bf1 Qb7 51. Bh3 Qe7 52. Bg2 Rd8 53. Ra1 Bc8 54. Nb3 Bxe6 55. Qc3 Qd7 56. Nd4 Bh3 57. Bxh3 Qxh3 58. b5 cxb5 59. c6 h5 60. Qc5 Kh7 61. Qc2+ Kh8 62. Nxb5 Qe6 63. c7 Rc8 64. Rc1 Nc4 65. Kh1 Qd7 66. Qb3 Kg8 67. Rd1 Qe8 68. Qb1 Qe6 1/2-1/2